000 00770nam a2200205 4500
008 160823b xxu||||| |||| 00| 0 eng d
020 _a978-0-07-313715-5
082 _22008
_aDC 331.89
_bK15i
100 _913447
_aKatz, Harry C.
245 _aAn introduction to collective bargaining and industrial relations/
_cHarry C. Katz, Thomas A. Kochan and Alexander J.S. Colvin.
250 _a4th edition
260 _aBoston:
_bMcGraw-Hill,
_cc2008.
300 _axiii, 514 pages:
_billustrations;
_c23 cm.
500 _aIncludes appendix, glossary, and index
650 0 _913448
_aCollective bargaining
650 0 _913449
_aIndustrial relations
700 _913450
_aKochan, Thomas A.
_eAuthor
700 _913451
_aColvin, Alexander J.S.
_eAuthor
942 _2ddc
_cDC
999 _c4029
_d4029